[Event "London Classic Open 2015"]
[Site "London ENG"]
[Date "2015.12.06"]
[Round "4.56"]
[White "Therrien, Alex L"]
[Black "De Coverly, Roger D"]
[Result "1-0"]
[WhiteTitle "FM"]
[WhiteElo "2252"]
[BlackElo "2037"]
[WhiteFideId "412856"]
[BlackFideId "405213"]
[EventDate "2015.12.04"]

1. d4 Nf6 2. c4 g6 3. Nf3 Bg7 4. g3 O-O 5. Bg2 d6 6. O-O Nc6 7. Nc3 Rb8 8. Qd3
Nb4 9. Qd2 c5 10. d5 Na6 11. e4 Nd7 12. b3 Nc7 13. a4 a6 14. a5 b5 15. axb6 Rxb6
16. Qc2 e6 17. Bg5 Qe8 18. dxe6 fxe6 19. Rad1 Ne5 20. Nxe5 Bxe5 21. Be3 Bd7 22.
f4 Bxc3 23. Qxc3 Qb8 24. Rd3 Rf7 25. e5 d5 26. Bxc5 dxc4 27. bxc4 Rb1 28. Bd6
Rxf1+ 29. Bxf1 Bc6 30. Qd4 Kg7 31. Rd2 a5 32. Qc5 Qa8 33. Rb2 Ne8 34. Rb8 Qa7
35. Qxa7 Rxa7 36. Bg2 Bxg2 37. Kxg2 Nc7 38. Kf3 a4 39. Ba3 Na6 40. Rb6 Kf7 41.
Ke4 h6 42. c5 Nc7 43. c6 Ke8 44. Rb8+ Kf7 45. Rb7 Rxb7 46. cxb7 Na6 47. Kd4 Ke8
48. Bd6 1-0

[Event "London Classic Open 2015"]
[Site "London ENG"]
[Date "2015.12.06"]
[Round "4.57"]
[White "Staples, Daniel J"]
[Black "Rozycki, Bartlomiej"]
[Result "0-1"]
[WhiteElo "1994"]
[BlackElo "2231"]
[WhiteFideId "417211"]
[BlackFideId "1106996"]
[EventDate "2015.12.04"]

1. d4 Nf6 2. Nf3 e6 3. e3 b6 4. Bd3 Ba6 5. e4 d5 6. e5 Nfd7 7. c3 c5 8. a3 Bxd3
9. Qxd3 a5 10. O-O Be7 11. Re1 Nc6 12. Nbd2 c4 13. Qe2 b5 14. Nf1 b4 15. Ne3 O-O
16. h4 Bxh4 17. g3 Be7 18. Kg2 f5 19. exf6 Rxf6 20. Ng4 Rg6 21. Ng1 bxc3 22.
bxc3 Rb8 23. Nh3 Bd6 24. Bf4 Nf8 25. Bxd6 Qxd6 26. Nf4 Rg5 27. f3 h5 28. Nh3 Rf5
29. Ne3 Rf7 30. f4 h4 31. Ng5 Rf6 32. Ng4 Rf5 33. Ne5 Nxe5 34. dxe5 Qc6 35. Kh3
hxg3 36. Kxg3 Rb3 37. Qf3 Qe8 38. Rh1 Qg6 39. Qg4 Rxc3+ 40. Kg2 Nh7 41. Rab1
Nxg5 42. Rb8+ Rf8 0-1

[Event "London Classic Open 2015"]
[Site "London ENG"]
[Date "2015.12.06"]
[Round "4.58"]
[White "Lyell, Mark"]
[Black "Krokay, Urszula"]
[Result "0-1"]
[WhiteTitle "FM"]
[WhiteElo "2228"]
[BlackElo "2009"]
[WhiteFideId "402354"]
[BlackFideId "1125508"]
[EventDate "2015.12.04"]

1. e4 e5 2. Nc3 Nf6 3. g3 d5 4. exd5 Nxd5 5. Bg2 Ne7 6. Nf3 Nbc6 7. O-O f6 8. d4
exd4 9. Nb5 Bg4 10. c3 d3 11. Qb3 Qd7 12. Bf4 O-O-O 13. Bxc7 Be6 14. Qd1 Re8 15.
Nfd4 Nxd4 16. Nxd4 Kxc7 17. Nxe6+ Qxe6 18. Re1 Qd7 19. Qh5 Rc8 20. Re4 Nc6 21.
Rc4 f5 22. Rd1 g6 23. Qh4 Be7 24. Qf4+ Qd6 25. Qe3 Kb8 26. Bxc6 bxc6 27. Rd4 Qc7
28. Rc4 Rhe8 29. Qf3 Rcd8 30. b4 d2 31. Kg2 Bg5 32. h4 Bh6 33. b5 c5 34. g4 Qb7
35. g5 Qxf3+ 36. Kxf3 Bg7 0-1

[Event "London Classic Open 2015"]
[Site "London ENG"]
[Date "2015.12.06"]
[Round "4.59"]
[White "Grigoryan, Meri"]
[Black "Harley, Andrew D"]
[Result "1/2-1/2"]
[WhiteTitle "WFM"]
[BlackTitle "FM"]
[WhiteElo "1983"]
[BlackElo "2226"]
[WhiteFideId "13300571"]
[BlackFideId "401390"]
[EventDate "2015.12.04"]

1. d4 e6 2. Nf3 Nf6 3. c3 b6 4. Bf4 Bb7 5. Nbd2 Be7 6. Qc2 Nh5 7. e3 Nxf4 8.
exf4 O-O 9. Bd3 h6 10. g4 c5 11. Rg1 cxd4 12. Nxd4 Nc6 13. N4f3 Qc7 14. Qa4 d5
15. g5 Kh8 16. gxh6 gxh6 17. O-O-O Rg8 18. Kb1 f5 19. Rge1 Rg6 20. Ne5 Nxe5 21.
fxe5 Rg4 22. Qc2 d4 23. cxd4 Qxc2+ 24. Bxc2 Rxd4 25. Nb3 Rxd1+ 1/2-1/2

[Event "London Classic Open 2015"]
[Site "London ENG"]
[Date "2015.12.06"]
[Round "4.60"]
[White "Stephan, Axel"]
[Black "Niccoli, Tony"]
[Result "1-0"]
[WhiteElo "2222"]
[BlackElo "2009"]
[WhiteFideId "4632834"]
[BlackFideId "432946"]
[EventDate "2015.12.04"]

1. Nf3 d5 2. g3 Nf6 3. Bg2 g6 4. c4 c6 5. Qa4 Bg7 6. cxd5 Nxd5 7. O-O O-O 8. d4
Bg4 9. Rd1 Nd7 10. Nbd2 N7b6 11. Qc2 Nb4 12. Qb3 a5 13. e4 Bxd4 14. Nc4 c5 15.
Nxb6 Qxb6 16. Bh6 Be6 17. Qa4 Bg7 18. Bxg7 Kxg7 19. a3 Nc6 20. Qc2 f6 21. Qc3
Rfd8 22. e5 f5 23. Rdc1 c4 24. Ng5 Nd4 25. Nxe6+ Qxe6 26. Qxc4 Qxe5 27. Re1 Qf6
28. Rad1 Rd7 29. Bd5 e5 30. Rxd4 Rad8 31. Rdd1 e4 32. Rd2 Qe5 33. Red1 e3 34.
fxe3 Qxe3+ 35. Kg2 Kf8 36. a4 Qe5 37. Qc5+ Rd6 38. Qc3 Qxc3 39. bxc3 b6 40. c4
Re8 41. Kf2 Rf6 42. Re1 Rxe1 43. Kxe1 Ke7 44. Rb2 f4 45. gxf4 Rxf4 46. Rxb6 Rh4
47. Rb2 Kd6 48. Kf1 Rh3 49. Rb5 Rxh2 50. Rxa5 Ra2 51. Ra7 Kc5 52. Rxh7 Rxa4 53.
Re7 Ra2 54. Re6 g5 55. Rg6 Kd4 56. Rxg5 Rc2 57. Rg2 Rc1+ 58. Kf2 Rc3 59. Rg4+
Kc5 60. Rg3 Rc1 61. Ke3 Rc3+ 62. Kf4 Rc1 63. Re3 Rf1+ 64. Ke5 Rf8 65. Ra3 Re8+
66. Kf6 Re1 67. Ra5+ Kd6 68. Ra6+ Kc5 69. Rc6+ Kd4 70. Rc8 Re3 71. Be6 Ra3 72.
c5 Rc3 73. c6 Kc5 74. Bd7 Kd6 75. Ra8 Rf3+ 76. Kg6 Rf1 77. Ra4 Kc7 78. Kg5 Rf2
79. Rf4 Rh2 80. Kf5 Rh5+ 81. Ke4 Rc5 82. Rf3 Ra5 83. Rd3 Ra4+ 84. Kd5 Ra5+ 85.
Kc4 Ra4+ 86. Kb5 Re4 87. Kc5 Re5+ 88. Kd4 Ra5 89. Rc3 Ra4+ 90. Rc4 Ra1 91. Be6
Rd1+ 92. Kc5 Rh1 93. Rb4 Rc1+ 94. Bc4 Rc2 95. Rb7+ Kc8 96. Rh7 Rc1 97. Kb6 Rb1+
98. Bb5 Kd8 99. c7+ Kc8 100. Rh8# 1-0

[Event "London Classic Open 2015"]
[Site "London ENG"]
[Date "2015.12.06"]
[Round "4.61"]
[White "Phillips, William"]
[Black "Semprun Martinez, Fernando"]
[Result "1/2-1/2"]
[WhiteElo "1901"]
[BlackElo "2200"]
[WhiteFideId "414344"]
[BlackFideId "2203170"]
[EventDate "2015.12.04"]

1. d4 Nf6 2. Nf3 g6 3. g3 d5 4. Bg2 Bg7 5. O-O O-O 6. b3 Ne4 7. Bb2 c5 8. Nbd2
Nc6 9. e3 Nxd2 10. Qxd2 cxd4 11. exd4 Bf5 12. Ne5 Rc8 13. Nxc6 bxc6 14. Ba3 Re8
15. Bc5 Qd7 16. Rac1 Bh3 17. Rfe1 Bxg2 18. Kxg2 h5 19. Qf4 Bf6 20. h4 Kg7 21.
Rcd1 Qg4 22. Qxg4 hxg4 23. Rd3 e6 24. b4 Bd8 25. a4 a6 26. a5 Bf6 27. Bd6 Rh8
28. Be5 Bxe5 29. Rxe5 Rb8 30. c3 Rh6 31. Rde3 Rbh8 32. Rg5 Re8 33. Rxg4 f5 34.
Rf4 Kf6 35. Re5 Rh7 36. Rf3 Rhh8 37. Rfe3 1/2-1/2

[Event "London Classic Open 2015"]
[Site "London ENG"]
[Date "2015.12.06"]
[Round "4.62"]
[White "Ilfeld, Etan"]
[Black "Gschwendtner, Stanislav"]
[Result "1/2-1/2"]
[WhiteElo "2199"]
[BlackElo "2003"]
[WhiteFideId "2803470"]
[BlackFideId "307297"]
[EventDate "2015.12.04"]

1. e4 c5 2. Nf3 d6 3. d4 cxd4 4. Nxd4 Nf6 5. Nc3 g6 6. Be3 Bg7 7. f3 Nc6 8. Qd2
O-O 9. Bc4 Bd7 10. O-O-O Ne5 11. Bb3 Rc8 12. g4 b5 13. g5 Nh5 14. Ncxb5 Nxf3 15.
Nxf3 Bxb5 16. Bxa7 Bc4 17. Kb1 Bxb3 18. cxb3 Rc6 19. b4 Qa8 20. b5 Rc4 21. Qd5
Rb4 22. Bd4 Qxd5 23. exd5 Rxb5 24. Bxg7 Kxg7 25. Rhe1 Rfb8 26. b3 Nf4 27. Nd4
Rxd5 28. Nc6 Rb7 29. Rxd5 Nxd5 30. Kb2 Rc7 31. Rc1 Nf4 32. Rc3 e5 33. a4 e4 34.
Nd4 Nd3+ 35. Kc2 Nb4+ 36. Kd2 Re7 37. Nc2 Nd5 38. Rc6 e3+ 39. Ke1 Rd7 40. b4 f6
41. gxf6+ Kxf6 42. Ke2 Ke5 43. b5 Ra7 44. b6 Nxb6 45. Rxb6 Rxa4 46. Nxe3 h5 47.
Kf3 1/2-1/2

[Event "London Classic Open 2015"]
[Site "London ENG"]
[Date "2015.12.06"]
[Round "4.63"]
[White "Motycakova, Monika"]
[Black "Rice, Chris B"]
[Result "1-0"]
[WhiteTitle "WFM"]
[WhiteElo "2185"]
[BlackElo "1956"]
[WhiteFideId "14909626"]
[BlackFideId "404446"]
[EventDate "2015.12.04"]

1. e4 e6 2. d4 d5 3. Nd2 Nf6 4. e5 Nfd7 5. f4 c5 6. c3 Nc6 7. Ndf3 Qb6 8. g3
cxd4 9. cxd4 Be7 10. Bh3 O-O 11. Ne2 f6 12. Bxe6+ Kh8 13. exf6 Nxf6 14. Bxc8
Raxc8 15. O-O Ne4 16. Kg2 Nb4 17. Ne5 Qa6 18. a3 Rc2 19. Re1 Rc7 20. Rb1 Nc2 21.
Rf1 Qb6 22. Bd2 Qb3 23. Rf3 Qa2 24. Nc3 Nxc3 25. Bxc3 Qb3 26. Rc1 Rxc3 27. bxc3 1-0

[Event "London Classic Open 2015"]
[Site "London ENG"]
[Date "2015.12.06"]
[Round "4.64"]
[White "Williamson, Roger G"]
[Black "Sielicki, Tomasz"]
[Result "1-0"]
[WhiteElo "2172"]
[BlackElo "1948"]
[WhiteFideId "414620"]
[BlackFideId "1111400"]
[EventDate "2015.12.04"]

1. d4 d6 2. c4 e5 3. d5 f5 4. e4 Nf6 5. exf5 Bxf5 6. Nc3 Be7 7. Nge2 O-O 8. Ng3
Bg6 9. h4 c6 10. h5 Bf7 11. Nf5 cxd5 12. cxd5 Na6 13. h6 g6 14. Nxe7+ Qxe7 15.
Bg5 Nc7 16. Bc4 Nce8 17. Qf3 e4 18. Qf4 Rc8 19. Bb3 Rxc3 20. bxc3 Bxd5 21. c4
Bc6 22. Rd1 a5 23. O-O a4 24. Bc2 Qe6 25. Rd4 Ng4 26. Qg3 Qf5 27. Be7 Rf7 28.
Bxd6 Nxd6 29. Rxd6 Nxh6 30. Rd8+ Kg7 31. Qc3+ Rf6 32. Rd6 Ng4 33. Rxf6 Nxf6 34.
Qd4 Kh6 35. Qe3+ Kg7 36. Qd4 Kh6 37. f3 Qg5 38. fxe4 Ng4 39. Rf3 Qc1+ 40. Qd1
Qxd1+ 41. Bxd1 Ne5 42. Rc3 Kg5 43. g3 h5 44. Kf2 Ng4+ 45. Bxg4 Kxg4 46. Re3 h4
47. gxh4 Kxh4 48. e5 Kg5 49. e6 Kf6 50. e7 Kf7 51. Re5 Be8 52. Ke3 Kf6 53. Kd4
g5 54. Kd5 g4 55. Kd6 g3 56. Re3 g2 57. Rg3 Bc6 58. Rxg2 1-0

[Event "London Classic Open 2015"]
[Site "London ENG"]
[Date "2015.12.06"]
[Round "4.65"]
[White "Willmoth, Robert F"]
[Black "Brozel, Sacha"]
[Result "1-0"]
[WhiteTitle "CM"]
[WhiteElo "2150"]
[BlackElo "1801"]
[WhiteFideId "402540"]
[BlackFideId "429317"]
[EventDate "2015.12.04"]

1. Nf3 Nf6 2. b3 e6 3. Bb2 b6 4. g3 Bb7 5. Bg2 Be7 6. O-O O-O 7. c4 d5 8. e3
Nbd7 9. d4 c5 10. cxd5 Nxd5 11. Nc3 Rc8 12. Nxd5 Bxd5 13. Qe2 Nf6 14. Rfd1 Ne4
15. Ne5 Qc7 16. Rac1 Qb7 17. f3 Nf6 18. e4 Bc6 19. Nxc6 Rxc6 20. d5 exd5 21. e5
Ne8 22. Rxd5 Qc8 23. f4 Nc7 24. Rdd1 Rh6 25. Qe4 Rd8 26. Qb7 Qg4 27. Rxd8+ Bxd8
28. Qf3 Qc8 29. f5 Nb5 30. a4 Nc7 31. Rd1 g6 32. Qb7 Qxb7 33. Rxd8+ 1-0

[Event "London Classic Open 2015"]
[Site "London ENG"]
[Date "2015.12.06"]
[Round "4.67"]
[White "Haussernot, Cecile"]
[Black "Mitra, Roman C"]
[Result "1-0"]
[WhiteTitle "WFM"]
[WhiteElo "2242"]
[BlackElo "2023"]
[WhiteFideId "601632"]
[BlackFideId "419540"]
[EventDate "2015.12.04"]

1. e4 c5 2. Nc3 Nc6 3. Nf3 a6 4. d4 cxd4 5. Nxd4 d6 6. f3 e5 7. Nb3 Be6 8. Be3
Nf6 9. Qd2 Be7 10. O-O-O b5 11. Nd5 Bxd5 12. exd5 Nb8 13. g4 O-O 14. h4 Nfd7 15.
Bd3 Nb6 16. g5 Qc7 17. Bxb6 Qxb6 18. h5 a5 19. g6 h6 20. gxf7+ Rxf7 21. Qe2 Bg5+
22. Nd2 Nd7 23. Kb1 Rb8 24. Ne4 Bf4 25. Qg2 Nf8 26. Rh4 Rbb7 27. Rg4 Nh7 28. Rg6
Rbd7 29. Re6 Ng5 30. Nxg5 Bxg5 31. Qg4 Rde7 32. Qe4 Rxe6 33. dxe6 Rf4 34. Qh7+
Kf8 35. Qh8+ Ke7 36. Qxg7+ Kxe6 37. Bh7 Rxf3 38. Be4 Rf6 39. Bd5+ Kf5 40. Qd7+
Kf4 41. Qh3 e4 42. Qh2+ Kg4 43. Qg2+ Kxh5 44. Qe2+ Kg6 45. Qxe4+ Kg7 46. Qe7+
Kg6 47. Qe8+ 1-0

[Event "London Classic Open 2015"]
[Site "London ENG"]
[Date "2015.12.06"]
[Round "4.68"]
[White "Korning, Peter"]
[Black "Britton, Richard L"]
[Result "0-1"]
[BlackTitle "FM"]
[WhiteElo "2000"]
[BlackElo "2238"]
[WhiteFideId "1723332"]
[BlackFideId "401692"]
[EventDate "2015.12.04"]

1. e4 c5 2. d4 cxd4 3. c3 Nf6 4. e5 Nd5 5. Qxd4 e6 6. Bc4 Nc6 7. Qe4 f5 8. Qe2
Nde7 9. Nf3 Qc7 10. O-O b6 11. Re1 Ng6 12. Nbd2 Bb7 13. Bb3 Na5 14. Nf1 Rc8 15.
Ng3 Be7 16. Nh5 O-O 17. Bf4 Qc6 18. Rad1 Nxb3 19. axb3 b5 20. b4 a6 21. Qf1 Qc7
22. Nd4 Bd5 23. f3 Qb7 24. Ra1 Bc4 25. Qf2 Bh4 26. Bg3 Bd8 27. Qd2 Bb6 28. Bf2
Bd5 29. Qg5 Bd8 30. Qd2 h6 31. Be3 Kh7 32. Nxg7 f4 33. Nh5 fxe3 34. Qxe3 Bg5 35.
Qd3 Rf7 36. Qc2 Rg8 37. b3 Kh8 38. Re2 Nh4 39. Qd3 Nxf3+ 40. gxf3 Rxf3 0-1

[Event "London Classic Open 2015"]
[Site "London ENG"]
[Date "2015.12.06"]
[Round "4.69"]
[White "Roque Sola, Jose Luis"]
[Black "Juknis, Paulius"]
[Result "1/2-1/2"]
[WhiteTitle "CM"]
[WhiteElo "1992"]
[BlackElo "2192"]
[WhiteFideId "5120390"]
[BlackFideId "12802247"]
[EventDate "2015.12.04"]

1. e4 c5 2. Nf3 g6 3. d4 cxd4 4. Nxd4 Nc6 5. Nc3 Bg7 6. Be3 Nf6 7. Bc4 Qa5 8.
O-O O-O 9. Bb3 d6 10. h3 Bd7 11. f4 Nxd4 12. Bxd4 Bc6 13. Nd5 Bxd5 14. exd5 Nd7
15. Bxg7 Kxg7 16. Qd4+ Kg8 17. Rae1 Rae8 18. Re3 Nc5 19. Rfe1 Qc7 20. h4 f6 21.
c3 Nxb3 22. axb3 a6 23. Re6 Rf7 24. b4 Rc8 25. Qe3 Qc4 26. Rxe7 Qxd5 27. Rxf7
Qxf7 28. Qe7 d5 29. Qd6 Rc7 30. f5 Rd7 31. Qc5 Kg7 32. Re3 Rc7 33. Qd6 Rd7 34.
Qc5 Rc7 35. Qd6 Rd7 1/2-1/2

[Event "London Classic Open 2015"]
[Site "London ENG"]
[Date "2015.12.06"]
[Round "4.70"]
[White "Murphy, Hugh W"]
[Black "Barton, R Alan"]
[Result "1-0"]
[WhiteElo "2168"]
[BlackElo "2012"]
[WhiteFideId "422444"]
[BlackFideId "404233"]
[EventDate "2015.12.04"]

1. d4 d6 2. e4 g6 3. Nc3 Bg7 4. f4 a6 5. a4 e6 6. Nf3 Ne7 7. Be2 b6 8. O-O Bb7
9. Qe1 c5 10. Be3 Nbc6 11. Rd1 Qc7 12. Kh1 Nb4 13. Rd2 Nec6 14. Qf2 O-O-O 15.
Rfd1 h6 16. Nb1 cxd4 17. Nxd4 Nxd4 18. Bxd4 Bxd4 19. Rxd4 Nc6 20. R4d3 Kb8 21.
Na3 d5 22. exd5 exd5 23. b4 Ne7 24. c3 Nf5 25. Bf3 Nd6 26. Bxd5 Ne4 27. Bxe4
Bxe4 28. Rd4 Bb7 29. Nc4 Rxd4 30. Qxd4 Re8 31. Ne5 Re7 32. Nd7+ Rxd7 33. Qxd7
Qxc3 34. Qd8+ Ka7 35. a5 bxa5 36. bxa5 Qc6 37. Qd4+ Ka8 38. Qb2 Kb8 39. Qe5+ Kc8
40. Qh8+ Kc7 41. Qd8# 1-0

[Event "London Classic Open 2015"]
[Site "London ENG"]
[Date "2015.12.06"]
[Round "4.71"]
[White "Calvert, D Ian"]
[Black "Ethelontis, Alexandros N"]
[Result "0-1"]
[WhiteElo "1984"]
[BlackElo "2162"]
[WhiteFideId "406368"]
[BlackFideId "405469"]
[EventDate "2015.12.04"]

1. b3 e5 2. Bb2 Nc6 3. e3 Nf6 4. Nf3 e4 5. Nd4 Bc5 6. Nxc6 dxc6 7. d4 Bd6 8. Be2
h5 9. h3 Bf5 10. c4 Qd7 11. Nc3 h4 12. Qd2 Rh6 13. O-O-O Rg6 14. Bf1 Bb4 15. a3
Bd6 16. d5 c5 17. Nb5 a6 18. Nxd6+ cxd6 19. f4 Nh5 20. Qf2 Ng3 21. Rg1 a5 22. a4
b6 23. Be2 O-O-O 24. Rde1 Kb7 25. Bd1 f6 26. Bc3 Rh6 27. Qb2 Qe7 28. Be2 Rg8 29.
Rd1 g5 30. fxg5 Rxg5 31. Rge1 Rhg6 32. Rd2 Bd7 33. Bf1 Rf5 34. Rf2 Rgg5 35. Bxf6
Qf7 36. Bxg5 Rxf2 37. Be2 Rxe2 0-1

[Event "London Classic Open 2015"]
[Site "London ENG"]
[Date "2015.12.06"]
[Round "4.72"]
[White "Roque Sola, Gisela"]
[Black "Rogiers, Jan"]
[Result "1-0"]
[WhiteTitle "WFM"]
[WhiteElo "1983"]
[BlackElo "2145"]
[WhiteFideId "5120241"]
[BlackFideId "205109"]
[EventDate "2015.12.04"]

1. c4 e6 2. Nf3 f5 3. g3 Nf6 4. Bg2 c6 5. O-O d5 6. d4 Bd6 7. b3 Qe7 8. Nc3 Nbd7
9. e3 O-O 10. Bb2 b6 11. Ne2 a5 12. Nf4 Ne4 13. Nd2 Ba6 14. Nxe4 fxe4 15. Rc1 b5
16. cxd5 cxd5 17. Qg4 Rf6 18. Qg5 Bxf4 19. exf4 b4 20. Rfd1 Qd6 21. Rd2 Bd3 22.
Bf1 Qa6 23. Bxd3 exd3 24. Qh5 Rg6 25. Qf3 Nf6 26. Qxd3 Qd6 27. f5 Rg5 28. fxe6
Qxe6 29. Re2 Qh3 30. Qf3 Rh5 31. Qg2 Qg4 32. Re5 Rf8 33. f3 Qg6 34. g4 Rxe5 35.
dxe5 Nd7 36. Qd2 1-0

[Event "London Classic Open 2015"]
[Site "London ENG"]
[Date "2015.12.06"]
[Round "4.73"]
[White "Myers, Dominique"]
[Black "Odeh, Kenneth"]
[Result "0-1"]
[WhiteElo "2132"]
[BlackElo "2000"]
[WhiteFideId "2041715"]
[BlackFideId "8500142"]
[EventDate "2015.12.04"]

1. e4 c6 2. d4 d5 3. e5 c5 4. dxc5 Nc6 5. Bb5 e6 6. Nf3 Bxc5 7. Nc3 Bd7 8. O-O
a6 9. Bd3 Nb4 10. Be2 Ne7 11. h4 Nf5 12. h5 Ng3 13. a3 Nc6 14. b4 Ba7 15. Re1
Nxh5 16. Bd3 g6 17. Bh6 Nd4 18. Ng5 Ng3 19. Qd2 Ngf5 20. Bxf5 Nxf5 21. Nxd5 exd5
22. e6 fxe6 23. Nxe6 Bxe6 24. Rxe6+ Kf7 25. Rae1 Qd7 26. g4 Nxh6 27. Qf4+ Nf5
28. gxf5 Kg8 29. f6 h5 30. Qg5 Kf8 31. Kh1 Bd4 32. Qxg6 Qf7 33. Qf5 Rh6 34. Qxd5
Bxf6 35. Qd6+ Kg8 36. Rg1+ Kh8 37. Qf4 Kh7 38. Qf5+ Kh8 39. Qf4 Kh7 40. Qf5+ Kh8
41. Qf4 Qf8 42. Rge1 Bg7 43. Rxh6+ Bxh6 44. Qe5+ Qg7 45. Qxh5 Rg8 46. Qe5 Qxe5
47. Rxe5 Rg7 48. c4 Rf7 49. Kg2 Kg7 50. Re6 Bd2 51. f3 Rc7 52. c5 Kf7 53. Rd6
Bc1 54. Rd3 Ke7 55. Rc3 Bb2 56. Rb3 Bd4 57. f4 Bf6 58. Kf3 Kd7 59. Rd3+ Ke7 60.
Ke4 Rd7 61. Rh3 Kd8 62. Kf5 Bb2 63. Ke6 Kc7 64. f5 Rd2 65. Rd3 0-1

[Event "London Classic Open 2015"]
[Site "London ENG"]
[Date "2015.12.06"]
[Round "4.74"]
[White "Heuser, Philip"]
[Black "Millward, Kevin P"]
[Result "0-1"]
[WhiteElo "2119"]
[BlackElo "1980"]
[WhiteFideId "4654358"]
[BlackFideId "404721"]
[EventDate "2015.12.04"]

1. d4 d6 2. Nf3 g6 3. g3 Bg7 4. c4 e5 5. Nc3 Nc6 6. dxe5 Nxe5 7. Nxe5 Bxe5 8.
Bg2 Ne7 9. O-O O-O 10. Bg5 Bg7 11. Qd2 f6 12. Bf4 g5 13. Be3 Nf5 14. Rad1 Qe7
15. Nd5 Qf7 16. Qd3 Kh8 17. Bc1 h5 18. Be4 Nh6 19. Bg6 Qd7 20. Bxh5 Qh3 21. Bf3
Bf5 22. e4 Bg6 23. Nxc7 Rac8 24. Nd5 Rfe8 25. Rfe1 f5 26. Bg2 Qh5 27. h3 fxe4
28. Bxe4 Rxe4 29. Rxe4 Bxe4 30. g4 Bxd3 31. gxh5 Bxc4 32. Ne7 Rc7 33. Bxg5 Nf7
34. Bh4 Bxa2 35. Ra1 Be6 36. Ng6+ Kh7 37. Nf4 Bf5 38. Nd5 Rc5 39. Ne3 Bxh3 40.
Rxa7 Be5 41. Bg3 Bc8 42. Bxe5 Nxe5 43. Ra8 Kh6 44. Kg2 Kxh5 45. b4 Rc7 46. Nd5
Rg7+ 47. Kf1 Bd7 48. Rd8 Bb5+ 49. Ke1 Rg1+ 50. Kd2 Nc4+ 51. Ke2 Rb1 52. Nf6+ Kg6
53. Ne4 Rxb4 54. f3 Kf5 55. Kf2 Bc6 56. Nxd6+ Nxd6 57. Rxd6 Rb2+ 58. Ke3 Rb3+
59. Ke2 Bxf3+ 60. Kd2 Be4 61. Rd8 Ke5 62. Rd7 b5 63. Rd8 b4 64. Rd7 Rb2+ 65. Ke3
Rb3+ 66. Kd2 Rg3 67. Rd8 Rg2+ 68. Ke3 b3 69. Re8+ Kd5 70. Rd8+ Kc4 71. Rc8+ Kb4
72. Kxe4 Rd2 73. Ke3 Rd5 74. Ke2 b2 0-1

[Event "London Classic Open 2015"]
[Site "London ENG"]
[Date "2015.12.06"]
[Round "4.75"]
[White "Abrahams, Daniel"]
[Black "Xaxiris, E."]
[Result "1-0"]
[WhiteElo "2111"]
[BlackElo "1975"]
[WhiteFideId "2606879"]
[BlackFideId "4206720"]
[EventDate "2015.12.04"]

1. e4 c6 2. d4 d5 3. Nc3 dxe4 4. Nxe4 g6 5. h3 Bg7 6. Nf3 Nf6 7. Nxf6+ exf6 8.
Bc4 O-O 9. O-O Nd7 10. Bf4 Nb6 11. Bb3 Nd5 12. Bg3 Be6 13. Re1 b5 14. Nd2 f5 15.
Nf3 Re8 16. Qd2 h6 17. Be5 f6 18. Bh2 Qd7 19. a4 a6 20. axb5 axb5 21. Ra5 Rxa5
22. Qxa5 Bf8 23. Ra1 g5 24. Qa7 Qc8 25. Ne1 f4 26. h4 Bf7 27. hxg5 hxg5 28. Nd3
f3 29. gxf3 Qh3 30. Qb7 Qxf3 31. Qxc6 Re4 32. Bg3 Rxd4 33. Ra7 Bg6 34. Qe6+ Kh8
35. Ne1 Qf5 36. Qxf5 Bxf5 37. Kh2 Be4 38. Ng2 Ne7 39. Ne3 Rd2 40. Ra1 Kg7 41.
Re1 Bc6 42. Rd1 Re2 43. Rd6 Bf3 44. Re6 Ng6 45. Nf5+ Kh7 46. Rxf6 Re1 47. Bc7
Be4 48. Ng3 Ba8 49. Bb6 Bg7 50. Rf7 Nh4 51. Kh3 Nf3 52. Ra7 Bc6 53. Be3 g4+ 54.
Kxg4 Ne5+ 55. Kf4 Ng6+ 56. Kg5 Ne5 57. Kf5 Bd7+ 58. Be6 Bxe6+ 59. Kxe6 Kg6 60.
Rxg7+ Kxg7 61. Kxe5 Rb1 62. Bd4 Rc1 63. c3 b4 64. cxb4 Kf7 65. b5 Ke8 66. b6 Kd7
67. f4 Re1+ 68. Ne4 Kc6 69. f5 Rh1 70. f6 Rh5+ 71. Ke6 Rh4 72. f7 Rf4 73. Nf6
Rxd4 74. f8=Q Kxb6 75. Nd5+ Kb5 76. Qf1+ Kc5 77. b4+ Kc6 78. Qa6# 1-0

[Event "London Classic Open 2015"]
[Site "London ENG"]
[Date "2015.12.06"]
[Round "4.76"]
[White "Jamroz, Krzysztof"]
[Black "Skutta, Bernd"]
[Result "1/2-1/2"]
[WhiteElo "2103"]
[BlackElo "1973"]
[WhiteFideId "1111850"]
[BlackFideId "4666950"]
[EventDate "2015.12.04"]

1. e4 d6 2. d4 Nf6 3. Nc3 e5 4. Nf3 Nbd7 5. Bc4 Be7 6. h3 O-O 7. O-O Nb6 8. Bb3
exd4 9. Nxd4 c6 10. a4 a5 11. Re1 d5 12. e5 Ne8 13. f4 g6 14. Qf3 Ng7 15. Nce2
f6 16. exf6 Bxf6 17. c3 Kh8 18. Bc2 Nc4 19. Kh1 Bd7 20. b3 Nd6 21. Ba3 Qc7 22.
Rad1 Rad8 23. Nc1 Rfe8 24. Bxd6 Qxd6 25. Nd3 Nf5 26. Rxe8+ Rxe8 27. Nxf5 Bxf5
28. c4 Be4 29. Qf2 Qd7 30. Kh2 Qg7 31. Nc5 Bxc2 32. Qxc2 d4 33. Ne4 Qc7 34. g3
Bg7 35. c5 Qe7 36. Re1 Qe6 37. Re2 Qd5 38. Qd3 Bf8 39. Kg1 Re6 40. Kf2 Bxc5 41.
Nxc5 Rxe2+ 42. Qxe2 Qxc5 43. Qe8+ Kg7 44. Qd7+ Kh6 45. Qd8 Qc2+ 46. Kf1 Qd3+ 47.
Kg2 Qe2+ 48. Kg1 Qe3+ 49. Kg2 Kg7 50. Qd7+ Kf6 51. Qxh7 1/2-1/2

[Event "London Classic Open 2015"]
[Site "London ENG"]
[Date "2015.12.06"]
[Round "4.77"]
[White "Asenov, Pavel"]
[Black "Taylor, William J"]
[Result "1-0"]
[WhiteElo "2098"]
[BlackElo "1962"]
[WhiteFideId "433705"]
[BlackFideId "423130"]
[EventDate "2015.12.04"]

1. d4 Nf6 2. c4 g6 3. Nc3 Bg7 4. e4 d6 5. f3 O-O 6. Be3 a6 7. Nge2 Nbd7 8. Qd2
c5 9. d5 b5 10. cxb5 Qa5 11. Nc1 axb5 12. Nxb5 Qxd2+ 13. Bxd2 Ba6 14. a4 Rfb8
15. Rb1 Ne8 16. b3 Ne5 17. f4 Ng4 18. h3 Ngf6 19. Nc3 Bxf1 20. Rxf1 Nc7 21. Kd1
e6 22. dxe6 Nxe6 23. Re1 Nd4 24. Be3 Re8 25. Bf2 Ne6 26. Nd3 Red8 27. Bh4 Rd7
28. Bxf6 Bxf6 29. Nd5 Bd8 30. Nb2 Nd4 31. Nc4 Rb8 32. Re3 Nc6 33. g4 Kg7 34. g5
Na5 35. Nxa5 Bxa5 36. Kc2 Rdb7 37. Nc3 Rd8 38. Rd1 Rbd7 39. Red3 Bxc3 40. Kxc3
Kf8 41. Rd5 1-0

[Event "London Classic Open 2015"]
[Site "London ENG"]
[Date "2015.12.06"]
[Round "4.78"]
[White "Jacob, Sydney J"]
[Black "Serntedakis, Athanasios"]
[Result "1/2-1/2"]
[WhiteElo "1884"]
[BlackElo "2091"]
[WhiteFideId "419338"]
[BlackFideId "4239423"]
[EventDate "2015.12.04"]

1. c4 e5 2. g3 Nc6 3. Bg2 g6 4. Nc3 Bg7 5. e4 d6 6. d3 Be6 7. Nge2 Qd7 8. Be3
Nf6 9. h3 O-O 10. Qd2 Ne8 11. g4 Nd4 12. Ng3 c6 13. Nce2 Nxe2 14. Qxe2 Nc7 15.
f3 d5 16. h4 dxc4 17. dxc4 Rfd8 18. h5 Qd3 19. Bf1 Bxc4 20. Qf2 Qd6 21. hxg6
hxg6 22. Bc5 1/2-1/2